000 01005cab a2200241 4500
001 ABS54831
008 090401t1996 xxu||||| |||| 00| 0 eng d
035 _a(Sirsi) u12435
041 _aeng
245 _aR v MAFF ex parte St Clere`s Hall Farm and others
260 _c1996
350 _a0
490 _aEstates Gazette
_v1996 13 EG 128-133(6)
520 _aQBD 3 May 1995. Application for judicial review of withdrawal of SLOM II milk quotas from applicants. In 1991, quotas were provisionally granted to the applicant farmers who applied in their own names. In 1994 they entered into partnerships and in 1994 MAFF withdrew the quotas and their entitlement to compensation. Held that MAFF had correctly applied EC regulations in withdrawing the quotas and compensation.
650 _aCOMPENSATION
650 _aMILK PRODUCTION
650 _aMILK QUOTAS
650 _aPARTNERSHIP
650 _aSLOM II MILK QUOTAS
690 _aRURAL PRACTICE-CASE LAW
942 _n0
948 _c04/03/1997
999 _c7945
_d7945